Statistics for California by Picture

Click here to take the quiz!

General Stats

  • This quiz has been taken 8,055 times
    (8,032 since last reset)
  • The average score is 11 of 18

Answer Stats

Answer% Correct
Golden Gate Bridge
99%
Disneyland
93%
Silicon Valley
90%
Yosemite
83%
Jennifer Aniston
82%
Hippie
81%
{Napa} Valley
76%
Rose Bowl
59%
{Santa} {Monica} Pier
57%
Lake Tahoe
54%
Death Valley
53%
State Route 1
43%
Jerry Brown
38%
Lombard Street
38%
Spanish {Mission}
37%
{Griffith} Observatory
31%
{Hearst} Castle
31%
Mount Whitney
26%

Score Distribution

Percentile by Number Answered

Percent of People with Each Score

Your Score History

You have not taken this quiz since the last reset